000 01323cam a2200373 i 4500
999 _c200429067
_d46991
003 TR-AnTOB
005 20230623090055.0
007 ta
008 100427s2009 tu a 000 0 tur d
020 _a9789757651772
020 _a975765177X
035 _a(OCoLC)609588924
040 _aSULEY
_beng
_erda
_cSULEY
_dOCLCQ
_dBGZ
_dTR-AnTOB
041 0 _atur
050 0 0 _aDR589
_b.C482 2009
090 _aDR589
_b.C482 2009
100 1 _aÇetinkaya, Ali
_eauthor
_96823
245 1 0 _aDireniş 1919 /
_cAli Çetinkaya, Kazım Özalp ; [hazırlayan] Nurer Uğurlu.
250 _a1.baskı
264 1 _aİstanbul :
_bÖrgün Yayınevi,
_c2009.
300 _a525 pages :
_billustratios ;
_c20 cm.
336 _2rdacontent
_atext
_btxt
337 _2rdamedia
_aunmediated
_bn
338 _2rdacarrier
_avolume
_bnc
490 0 _aÖrgün Yayınevi (Series)
_aKültür dizisi
600 1 _aÇetinkaya, Ali
_xMilitary leadership.
_96823
600 1 _aÖzalp, Kazım,
_d1882-1968
_xMilitary leadership
_9112589
651 0 _aTürkiye
_xTarih
_yKurtuluş Savaşı, 1918-1923
_vKişisel anlatılar
_945814
651 0 _aTürkiye
_xTarih
_yKurtuluş Savaşı, 1918-1923
_910811
700 1 _aUğurlu, Nurer,
_d1940-
_eeditor
_97317
700 1 _aÖzalp, Kazım,
_d1882-1968
_eauthor
_912714
942 _2lcc
_cBK